Black Friday #4/ Tim LaHaye and Bob DeMoss.
Available copies
- 1 of 1 copy available at LARL/NWRL Consortium.
Current holds
0 current holds with 1 total copy.
Show Only Available Copies
| Location | Call Number / Copy Notes | Barcode | Shelving Location | Status | Due Date |
|---|---|---|---|---|---|
| Roseau Public Library | LAH (Text) | 35500003259130 | Main | Available | - |
Record details
- ISBN: 0849943221
- Physical Description: ix, 173 p. ; 22 cm.
- Publisher: Nashville, Tenn. : W Pub., c2003.
Search for related items by subject
| Genre: | Christian fiction. |
Search for related items by series
| LDR | 00850cam a2200241Ia 4500 | ||
|---|---|---|---|
| 001 | 46817 | ||
| 003 | LARL_NWRL_CONSORTIUM | ||
| 005 | 20030218163729.0 | ||
| 008 | 030108s2003 tnu 000 1 eng d | ||
| 020 | . | ‡a0849943221 | |
| 035 | . | ‡a(OCoLC)52477375 ‡z(OCoLC)51327822 | |
| 099 | . | ‡aLAH | |
| 100 | 1 | . | ‡aLaHaye, Tim F. ‡0(LARL_NWRL_CONSORTIUM)58085 |
| 245 | 1 | 0. | ‡aBlack Friday ‡n#4/ ‡cTim LaHaye and Bob DeMoss. |
| 260 | . | ‡aNashville, Tenn. : ‡bW Pub., ‡cc2003. | |
| 300 | . | ‡aix, 173 p. ; ‡c22 cm. | |
| 490 | 0 | . | ‡aSoul survivor ; ‡v4 |
| 655 | 7. | ‡aChristian fiction. ‡2gsafd | |
| 700 | 1 | . | ‡aDeMoss, Robert G. ‡0(LARL_NWRL_CONSORTIUM)106413 |
| 901 | . | ‡a46817 ‡bOCLC ‡c46817 ‡tbiblio | |

Add to basket
Permalink
Disable Highlighting